书目信息 |
| 题名: |
放射性污染与健康维权
|
|
| 作者: | 王灿发 , 张占良 主编 | |
| 分册: | ||
| 出版信息: | 武汉 华中科技大学出版社 2020 |
|
| 页数: | 160页 | |
| 开本: | 21cm | |
| 丛书名: | 生态环境保护健康维权普法丛书 | |
| 单 册: | ||
| 中图分类: | TL7 , D922.683.4 | |
| 科图分类: | ||
| 主题词: | 放射性污染--辐射防护 , 放射性污染--污染防治--环境保护法--研究--中国 | |
| 电子资源: | ||
| ISBN: | 978-7-5680-5687-8 | |
| 000 | 01140nam0 2200289 450 | |
| 001 | 2251985375 | |
| 005 | 20220927142640.58 | |
| 010 | @a978-7-5680-5687-8@dCNY39.00 | |
| 100 | @a20200610d2020 em y0chiy50 ea | |
| 101 | 0 | @achi |
| 102 | @aCN@b420000 | |
| 105 | @ay z 000yy | |
| 200 | 1 | @a放射性污染与健康维权@9fang she xing wu ran yu jian kang wei quan@f王灿发,张占良主编 |
| 210 | @a武汉@c华中科技大学出版社@d2020 | |
| 215 | @a160页@d21cm | |
| 225 | 1 | @a生态环境保护健康维权普法丛书 |
| 300 | @a中国政法大学环境资源法研究和服务中心培训参考用书 | |
| 330 | @a本书从法律、健康的角度,从民事、行政、刑事三个方面介绍与放射性污染相关的法律和健康知识。通过案例引用,加强对放射性污染的认识,学习相关的法律知识,提高生态环境维权的法律意识,从而实现保护生态环境、保护生命健康、依法维权的目的。 | |
| 461 | 0 | @12001 @a生态环境保护健康维权普法丛书 |
| 606 | 0 | @a放射性污染@x辐射防护 |
| 606 | 0 | @a放射性污染@x污染防治@x环境保护法@x研究@y中国 |
| 690 | @aTL7@v5 | |
| 690 | @aD922.683.4@v5 | |
| 701 | 0 | @a王灿发@9wang can fa@4主编 |
| 701 | 0 | @a张占良@9zhang zhan liang@4主编 |
| 801 | 0 | @aCN@b91MARC@c20200612 |
| 905 | @aZUCC@dTL7@e1 | |
| 放射性污染与健康维权/王灿发,张占良主编.-武汉:华中科技大学出版社,2020 |
| 160页;21cm.-(生态环境保护健康维权普法丛书) |
| 中国政法大学环境资源法研究和服务中心培训参考用书 |
| ISBN 978-7-5680-5687-8:CNY39.00 |
| 本书从法律、健康的角度,从民事、行政、刑事三个方面介绍与放射性污染相关的法律和健康知识。通过案例引用,加强对放射性污染的认识,学习相关的法律知识,提高生态环境维权的法律意识,从而实现保护生态环境、保护生命健康、依法维权的目的。 |
| ● |
| 相关链接 |
|
|
|
正题名:放射性污染与健康维权
索取号:TL7/1
 
预约/预借
| 序号 | 登录号 | 条形码 | 馆藏地/架位号 | 状态 | 备注 |
| 1 | 2000902780 | 2000902780 | 第三书库/ [索取号:TL7/1] | 在馆 | |
| 2 | 2000902781 | 2000902781 | 第三书库/ [索取号:TL7/1] | 在馆 | |
| 3 | 2000902782 | 2000902782 | 第三书库/ [索取号:TL7/1] | 在馆 |